The Gospel comes with a house key : (Record no. 9554)
[ view plain ]
| 000 -LEADER | |
|---|---|
| fixed length control field | 02129cam a2200337 i 4500 |
| 001 - CONTROL NUMBER | |
| control field | 19766812 |
| 003 - CONTROL NUMBER IDENTIFIER | |
| control field | GBCCL |
| 005 - DATE AND TIME OF LATEST TRANSACTION | |
| control field | 20241126110714.0 |
| 008 - FIXED-LENGTH DATA ELEMENTS--GENERAL INFORMATION | |
| fixed length control field | 170702s2018 ilu 001 0deng |
| 010 ## - | |
| -- | 2017031557 |
| 020 ## - INTERNATIONAL STANDARD BOOK NUMBER | |
| International Standard Book Number | 9781433557866 (hc) |
| 040 ## - CATALOGING SOURCE | |
| Original cataloging agency | DLC |
| Language of cataloging | eng |
| Transcribing agency | DLC |
| Description conventions | rda |
| Modifying agency | DLC |
| 042 ## - | |
| -- | pcc |
| 050 00 - | |
| -- | BV4647.H67 |
| -- | B88 2018 |
| 082 00 - DEWEY DECIMAL CLASSIFICATION NUMBER | |
| Classification number | 241.671 |
| Edition information | 23 |
| Item number | BUT |
| 100 1# - MAIN ENTRY--PERSONAL NAME | |
| Personal name | Butterfield, Rosaria Champagne, |
| Dates associated with a name | 1962- |
| Relator term | author. |
| 9 (RLIN) | 16620 |
| 245 14 - TITLE STATEMENT | |
| Title | The Gospel comes with a house key : |
| Remainder of title | practicing radically ordinary hospitality in our post-Christian world / |
| Statement of responsibility, etc. | Rosaria Champagne Butterfield. |
| 264 #1 - PRODUCTION, PUBLICATION, DISTRIBUTION, MANUFACTURE, AND COPYRIGHT NOTICE | |
| Place of production, publication, distribution, manufacture | Wheaton : |
| Name of producer, publisher, distributor, manufacturer | Crossway, |
| Date of production, publication, distribution, manufacture, or copyright notice | [2018] |
| 300 ## - PHYSICAL DESCRIPTION | |
| Extent | 240 pages ; |
| Dimensions | 23 cm |
| 336 ## - CONTENT TYPE | |
| Content type term | text |
| Content type code | txt |
| Source | rdacontent |
| 337 ## - MEDIA TYPE | |
| Media type term | unmediated |
| Media type code | n |
| Source | rdamedia |
| 338 ## - CARRIER TYPE | |
| Carrier type term | volume |
| Carrier type code | nc |
| Source | rdacarrier |
| 500 ## - GENERAL NOTE | |
| General note | Includes index. |
| 505 0# - FORMATTED CONTENTS NOTE | |
| Formatted contents note | Radically ordinary hospitality -- Priceless: the merit of hospitality -- The Jesus paradox: the vitality of hospitality -- Our post Christian world: the kindness of hospitality -- God never gets the address wrong: the providence of hospitality -- The Gospel comes with a house key: the seal of hospitality -- Judas in the church: the borderland of hospitality -- Giving up the ghosts: the lamentation of hospitality -- The daily grind: the basics of hospitality -- Blessed are the merciful: the hope of hospitality -- Walking the Emmaus Road: the future of hospitality -- Feeding the 5000: the nuts and bolts and beans and rice. |
| 650 #0 - SUBJECT ADDED ENTRY--TOPICAL TERM | |
| Topical term or geographic name entry element | Hospitality |
| General subdivision | Religious aspects |
| -- | Christianity. |
| 9 (RLIN) | 16621 |
| 650 #0 - SUBJECT ADDED ENTRY--TOPICAL TERM | |
| Topical term or geographic name entry element | Strangers |
| General subdivision | Religious aspects |
| -- | Christianity. |
| 9 (RLIN) | 16622 |
| 776 08 - ADDITIONAL PHYSICAL FORM ENTRY | |
| Relationship information | Online version: |
| Main entry heading | Butterfield, Rosaria Champagne, 1962- author. |
| Title | Gospel comes with a house key |
| Place, publisher, and date of publication | Wheaton : Crossway, 2018 |
| International Standard Book Number | 9781433557873 |
| Record control number | (DLC) 2018000815 |
| 906 ## - LOCAL DATA ELEMENT F, LDF (RLIN) | |
| a | 7 |
| b | cbc |
| c | orignew |
| d | 1 |
| e | ecip |
| f | 20 |
| g | y-gencatlg |
| 942 ## - ADDED ENTRY ELEMENTS (KOHA) | |
| Source of classification or shelving scheme | Dewey Decimal Classification |
| Koha item type | Books |
| Withdrawn status | Lost status | Source of classification or shelving scheme | Damaged status | Not for loan | Home library | Current Library | Shelving location | Date acquired | Total checkouts | Full call number | Barcode | Date last seen | Date last checked out | Copy number | Price effective from | Koha item type |
|---|---|---|---|---|---|---|---|---|---|---|---|---|---|---|---|---|
| Dewey Decimal Classification | GRACE BIBLE COLLEGE | GRACE BIBLE COLLEGE | Theology | 2023-03-14 | 1 | 241.671 BUT | 016047 | 2026-03-18 | 2026-03-09 | c.1 | 2023-03-14 | Books |